000 nam a22 7a 4500
999 _c7791
_d7791
008 171012b xxu||||| |||| 00| 0 eng d
100 _aArora S L
_94269
245 _aPhysics class XII
260 _aNew Delhi
_bDhanpat Rai & Co
_c2016